Normal view
MARC view
- القرآن-إعراب
Entry Topical Term
001 - CONTROL NUMBER
- control field: 34382
003 - CONTROL NUMBER IDENTIFIER
- control field: JO-AjAnu
005 - DATE AND TIME OF LATEST TRANSACTION
- control field: 20230606075747.0
008 - FIXED-LENGTH DATA ELEMENTS
- fixed length control field: 230606|| aca||aabn | a|a d
040 ## - CATALOGING SOURCE
- Original cataloging agency: JO-AjAnu
- Transcribing agency: JO-AjAnu
150 ## - HEADING--TOPICAL TERM
- Topical term or geographic name entry element: القرآن-إعراب
670 ## - SOURCE DATA FOUND
- Source citation: Work cat.: (JO-AjAnu)17660: خضير، محمد أحمد, author 34381, الأدوات النحوية ودلالاتها في القرآن الكريم